|
|
|
|
| LEADER |
00000nab a2200000 a 4500 |
| 001 |
vtls010478291 |
| 003 |
SK-MaSNL |
| 005 |
20260304155404.0 |
| 008 |
250507 2012 xo 000 0 slo |
| 015 |
|
|
|a SNBRB2012/12
|
| 035 |
|
|
|a (uuid)2bbcaed5-d067-4c9f-a837-9e4cd847c99e
|
| 035 |
|
|
|a urn:nbn:sk:snk-abevhu
|
| 035 |
|
|
|a (urnnbn)urn:nbn:sk:snk:ar-00331y
|
| 038 |
|
|
|a SNKBUCL
|
| 040 |
|
|
|a SNKBUCL
|b slo
|c SNKBUCL
|e AACR2
|
| 041 |
0 |
|
|a slo
|
| 044 |
|
|
|a xo
|c SK
|
| 080 |
|
|
|a 82(091):821.162.4
|2 2001
|
| 080 |
|
|
|a 821.162.4
|x (091)
|2 2001
|
| 080 |
|
|
|a 784.7
|x (091)
|2 2001
|
| 100 |
1 |
|
|a Čomaj, Ján,
|d 1935-2020
|4 aut
|9 98315
|
| 245 |
1 |
0 |
|a Ján Bábik / Klenoty v tónoch (Slovenské hymnické piesne)
|c Ján Čomaj
|
| 500 |
|
|
|a V rubrike Sedem viet o siedmich knihách
|
| 600 |
1 |
7 |
|a Bábik, Ján
|t Klenoty v tónoch : slovenské hymnické piesne
|2 snkbucl
|9 1481096
|
| 740 |
0 |
2 |
|a Klenoty v tónoch : slovenské hymnické piesne
|
| 773 |
0 |
|
|t Slovenské pohľady
|g Roč. IV.+128., č. 9 (2012), s. 103
|x 1335-7786
|
| 850 |
|
|
|a Slovenská národná knižnica
|
| 852 |
|
|
|a Slovenská národná knižnica
|
| 958 |
|
|
|a article27
|
| 958 |
|
|
|a LX
|
| 958 |
|
|
|a SK
|
| 958 |
|
|
|a OND
|
| 958 |
|
|
|a EUIPO
|
| 999 |
|
|
|c 2962001
|d 2963931
|